| 000 | 00721cas a22002295a 4500 | ||
|---|---|---|---|
| 001 | L138369 | ||
| 008 | 070601d19461955xxkmr p 0 a0eng u | ||
| 035 | _a(Sirsi) u138369 | ||
| 041 | 0 | _aeng | |
| 110 | 2 |
_aRoyal Institution of Chartered Surveyors _94900 |
|
| 245 | 0 | 4 | _aThe Journal of the Royal Institution of Chartered Surveyors |
| 260 |
_aLondon _bRICS _c1946-1955 |
||
| 362 | 0 | _aLondon: 26(1) July 1946-34 June 1955 | |
| 362 | 0 | _aLondon: 26(1) July 1946-34 June 1955 | |
| 362 | 0 | _aEdinburgh: 26(1) July 1946-32 1952 | |
| 554 | _a12 per year | ||
| 651 | 4 | _aUNITED KINGDOM | |
| 690 | _aABOUT RICS | ||
| 780 | 0 | 0 | _tJournal of the Chartered Surveyors' Institution |
| 785 | 0 | 0 | _tChartered Surveyor |
| 942 | _n0 | ||
| 999 |
_c118978 _d118978 |
||